Holiday Quiz

Random Holiday or Christmas Quiz
Score 0/50 Timer 09:00
3 Plays Today
% Correct
He's making a list
86.8%
You better watch out
86.5%
He sees you when you're sleeping
86.4%
Won't you guide my sleigh tonight?
86.1%
You would even say it glows
85.7%
In a one-horse open sleigh
85.5%
You'll go down in history
85.4%
Oh, what fun it is to ride
83.8%
Dashing through the snow
83.7%
Laughing all the way
83.4%
Used to laugh and call him names
83.1%
Be good for goodness sake
82.8%
Who's naughty or nice
81.8%
Then one foggy Christmas Eve
81.3%
All is calm, all is bright
79.1%
Bells on bobtail ring
78%
Holy infant, so tender and mild
75%
And may all your Christmases be white
73.6%
A new born king to see
69.7%
Christ the Savior is born
69.7%
I am a poor boy too
68.6%
In the meadow we can build a snowman
68%
Just like the ones I used to know
67%
Sleigh bells ring are you listening?
65.6%
Our finest gifts we bring
64.4%
% Correct
Shall I play for you?
64.1%
Let your heart be light
62.8%
May your days be merry and bright
62.5%
Gone away is the bluebird
61.7%
With every Christmas card I write
60.6%
Heavenly hosts sing Hallelujah
60.1%
We'll conspire as we dream by the fire
59.9%
The ox and lamb kept time
59.3%
Another year over
58.8%
Our troubles will be miles away
57.1%
Let's stop all the fight
56.8%
Faithful friends who are dear to us
55.7%
Hang a shining star upon the highest bough
53.3%
Let's hope it's a good one
52.5%
We're happy tonight
52.2%
Tonight thank God it's them instead of you
52%
Pray for the other ones
51.7%
For rich and the poor ones
51.3%
Treetops glisten and children listen
50.5%
The dawn of redeeming grace
48.5%
Happy golden days of yore
45.8%
I hope you have fun
41.7%
Raise a glass for everyone
38.9%
There's no need to be afraid
38.8%
We can spread a smile of joy
36.8%
Remove Ads.
Support Sporcle.
Get the best of Sporcle when you Go Orange. This ad-free experience offers more features, more stats, and more fun while also helping to support Sporcle. Thank you for becoming a member.

You're not logged in!

Compare scores with friends on all Sporcle quizzes.
OR
Log In

Show Comments

Extras

Top Quizzes Today


Score Distribution

Your Account Isn't Verified!

In order to create a playlist on Sporcle, you need to verify the email address you used during registration. Go to your Sporcle Settings to finish the process.

Report this User

Report this user for behavior that violates our Community Guidelines.

Details: